Normal view
MARC view
- Sonntag,Clemens Von
Entry Personal Name
001 - CONTROL NUMBER
- control field: 6000
003 - CONTROL NUMBER IDENTIFIER
- control field: NUST
005 - DATE AND TIME OF LATEST TRANSACTION
- control field: 20171106120636.0
008 - FIXED-LENGTH DATA ELEMENTS
- fixed length control field: 171106|| aca||aabn | a|a d
040 ## - CATALOGING SOURCE
- Original cataloging agency: NUST
- Transcribing agency: NUST
100 ## - HEADING--PERSONAL NAME
- Personal name: Sonntag,Clemens Von
670 ## - SOURCE DATA FOUND
- Source citation: Work cat.: (NUST): Sonntag,Clemens Von, Chemistry of Ozone in Water and Wastewater Treatment:, 2012
